<?xml version="1.0" encoding="UTF-8"?>
<collection xmlns="http://www.loc.gov/MARC21/slim">
 <record>
  <leader>07011nam a2200445 a 4500</leader>
  <controlfield tag="001">kal2712</controlfield>
  <controlfield tag="003">Gr-AtHEAL</controlfield>
  <controlfield tag="005">20160425164716.0</controlfield>
  <controlfield tag="006">m        d        </controlfield>
  <controlfield tag="008">160413s2015    gr      s           gre|c</controlfield>
  <datafield tag="020" ind1=" " ind2=" ">
   <subfield code="a">9789606032844</subfield>
  </datafield>
  <datafield tag="040" ind1=" " ind2=" ">
   <subfield code="a">GR-AtHEAL</subfield>
   <subfield code="b">gre</subfield>
   <subfield code="c">GR-AtHEAL</subfield>
  </datafield>
  <datafield tag="082" ind1="0" ind2="4">
   <subfield code="a">621.3825</subfield>
   <subfield code="2">23</subfield>
  </datafield>
  <datafield tag="100" ind1="1" ind2=" ">
   <subfield code="a">Βουγιούκας, Δημοσθένης.</subfield>
   <subfield code="8">1929</subfield>
  </datafield>
  <datafield tag="245" ind1="1" ind2="0">
   <subfield code="a">Δορυφορικές επικοινωνίες</subfield>
   <subfield code="h">[Ηλεκτρονικός πόρος] </subfield>
   <subfield code="b">Τεχνολογίες, συστήματα και εφαρμογές</subfield>
   <subfield code="c">Βουγιούκας, Δημοσθένης ; Κριτικός αναγνώστης,Κανάτας, Αθανάσιος ; Γραφιστική επιμέλεια,Μπαξεβάνης, Μάριος ; Τεχνική επιμέλεια,Νομικός, Νικόλαος ; Γλωσσική επιμέλεια,Σπανακά, Αδαμαντία.</subfield>
  </datafield>
  <datafield tag="260" ind1=" " ind2=" ">
   <subfield code="a">Αθήνα :</subfield>
   <subfield code="b">Σύνδεσμος Ελληνικών Ακαδημαϊκών Βιβλιοθηκών,</subfield>
   <subfield code="c">c2015.</subfield>
  </datafield>
  <datafield tag="490" ind1=" " ind2=" ">
   <subfield code="a">Ακαδημαϊκά Ηλεκτρονικά Συγγράμματα και Βοηθήματα Κάλλιπος</subfield>
   <subfield code="8">40</subfield>
  </datafield>
  <datafield tag="520" ind1=" " ind2=" ">
   <subfield code="a">Η δορυφορική τεχνολογία έχει εξελιχθεί παρά πολύ κατά τη διάρκεια των τελευταίων 70 ετών που ο Arthur C. Clarke εφηύρε αρχικά. Σήμερα, τα δορυφορικά συστήματα μπορούν να παρέχουν ποικίλες υπηρεσίες συμπεριλαμβανομένων των ευρυζωνικών επικοινωνιών, των ακουστικών/τηλεοπτικών δικτύων διανομής, της θαλάσσιας ναυσιπλοΐας, της παγκόσμιας εξυπηρέτησης πελατών και υποστήριξης καθώς επίσης και των στρατιωτικών συστημάτων. Το βιβλίο επικεντρώνεται στις βασικές των αρχές των συστημάτων δορυφορικής επικοινωνίας προσφέροντας στον αναγνώστη μία σε βάθος κατανόηση του τρόπου επικοινωνίας και μεταφοράς πληροφορίας μεταξύ δύο ή περισσότερων επίγειων σταθμών με τη βοήθεια των δορυφόρων. Στόχος του βιβλίου είναι η κατανόηση των μεθόδων ανάλυσης και σχεδιασμού δορυφορικών συστημάτων επικοινωνιών, προσφέροντας τις απαραίτητες γνώσεις για τις βασικές αρχές και τις ιδιαιτερότητες των δικτύων δορυφορικών επικοινωνιών, καθώς και το πεδίο αποδοτικής εφαρμογής τους. Παρέχει τη δυνατότητα ανάλυσης και σχεδίασης δορυφορικών ζεύξεων για διάφορους τύπους υπηρεσιών και την εξοικείωση με όρους και τεχνικές που αφορούν στην αξιολόγηση της επίδοσης και της διαθεσιμότητας τέτοιων ζεύξεων. Αν και το αντικείμενο είναι εκτενές, εστιάζεται σε θέματα μηχανικής των τροχιών, σε τεχνολογίες υλικών, μελέτη των φαινομένων διάδοσης και, ειδικότερα, περιγράφει σύγχρονες τεχνικές μετάδοσης και λήψης, καθώς και τα σημερινά συστήματα δορυφορικών εφαρμογών. Το βιβλίο απευθύνεται κυρίως σε φοιτητές της ανώτατης εκπαίδευσης και σε μηχανικούς τηλεπικοινωνιών, όπου οι αναγνώστες αναμένεται να διαθέτουν βασικές γνώσεις τηλεπικοινωνιών, ασύρματων ζεύξεων και σημάτων. Η μορφή του βιβλίου είναι τέτοια, ώστε να διαθέτει διαδραστικές πληροφορίες, περιλαμβάνοντας παραδείγματα εφαρμογών, την εκτέλεση εξομοιώσεων και προσομοιώσεων, καθώς και ερωτήσεις πολλαπλών επιλογών και απαντήσεις σε θέματα σχεδίασης δορυφορικών συστημάτων, με απώτερο σκοπό την καλύτερη κατανόηση και εμπέδωση των δορυφορικών δικτύων επικοινωνιών.</subfield>
  </datafield>
  <datafield tag="650" ind1=" " ind2="0">
   <subfield code="a">Artificial satellites in telecommunication</subfield>
   <subfield code="8">2449</subfield>
  </datafield>
  <datafield tag="653" ind1=" " ind2=" ">
   <subfield code="a">Υπηρεσίες</subfield>
  </datafield>
  <datafield tag="653" ind1=" " ind2=" ">
   <subfield code="a">Δορυφορικά δίκτυα</subfield>
  </datafield>
  <datafield tag="653" ind1=" " ind2=" ">
   <subfield code="a">Μετάδοση σήματος</subfield>
  </datafield>
  <datafield tag="653" ind1=" " ind2=" ">
   <subfield code="a">Διάδοση</subfield>
  </datafield>
  <datafield tag="653" ind1=" " ind2=" ">
   <subfield code="a">Πολλαπλή πρόσβαση</subfield>
  </datafield>
  <datafield tag="653" ind1=" " ind2=" ">
   <subfield code="a">Ραδιοζεύξεις</subfield>
  </datafield>
  <datafield tag="653" ind1=" " ind2=" ">
   <subfield code="a">Επικοινωνίες</subfield>
  </datafield>
  <datafield tag="653" ind1=" " ind2=" ">
   <subfield code="a">Τροχιές</subfield>
  </datafield>
  <datafield tag="653" ind1=" " ind2=" ">
   <subfield code="a">Δορυφόροι</subfield>
  </datafield>
  <datafield tag="653" ind1=" " ind2=" ">
   <subfield code="a">Τεχνολογία και επιστήμες μηχανικών</subfield>
   <subfield code="a">Μηχανική και τεχνολογία τηλεπικοινωνιών</subfield>
   <subfield code="a">Ψηφιακές επικοινωνίες</subfield>
  </datafield>
  <datafield tag="653" ind1=" " ind2=" ">
   <subfield code="a">Τεχνολογία και επιστήμες μηχανικών</subfield>
   <subfield code="a">Μηχανική και τεχνολογία τηλεπικοινωνιών</subfield>
   <subfield code="a">Ζεύξεις μικροκυμάτων</subfield>
  </datafield>
  <datafield tag="653" ind1=" " ind2=" ">
   <subfield code="a">Τεχνολογία και επιστήμες μηχανικών</subfield>
   <subfield code="a">Μηχανική και τεχνολογία τηλεπικοινωνιών</subfield>
   <subfield code="a">Ραδιοεπικοινωνίες</subfield>
  </datafield>
  <datafield tag="653" ind1=" " ind2=" ">
   <subfield code="a">Τεχνολογία και επιστήμες μηχανικών</subfield>
   <subfield code="a">Μηχανική και τεχνολογία τηλεπικοινωνιών</subfield>
   <subfield code="a">Πεδία και κύματα στις επικοινωνίες</subfield>
  </datafield>
  <datafield tag="653" ind1=" " ind2=" ">
   <subfield code="a">Τεχνολογία και επιστήμες μηχανικών</subfield>
   <subfield code="a">Μηχανική και τεχνολογία τηλεπικοινωνιών</subfield>
   <subfield code="a">Μέσα μετάδοσης</subfield>
  </datafield>
  <datafield tag="653" ind1=" " ind2=" ">
   <subfield code="a">Τεχνολογία και επιστήμες μηχανικών</subfield>
   <subfield code="a">Μηχανική και τεχνολογία τηλεπικοινωνιών</subfield>
   <subfield code="a">Δορυφορικές επικοινωνίες</subfield>
  </datafield>
  <datafield tag="700" ind1="1" ind2=" ">
   <subfield code="a">Κανάτας, Αθανάσιος</subfield>
   <subfield code="e">Κριτικός αναγνώστης</subfield>
   <subfield code="8">1930</subfield>
  </datafield>
  <datafield tag="856" ind1="4" ind2="0">
   <subfield code="u">http://hdl.handle.net/11419/2712</subfield>
   <subfield code="z">Πλήρες Κείμενο - Full text</subfield>
  </datafield>
  <datafield tag="907" ind1=" " ind2=" ">
   <subfield code="a">.b25678309</subfield>
   <subfield code="b">12-06-18</subfield>
   <subfield code="c">29-07-16</subfield>
  </datafield>
  <datafield tag="949" ind1=" " ind2=" ">
   <subfield code="0">0</subfield>
   <subfield code="1">0</subfield>
   <subfield code="2">ddc</subfield>
   <subfield code="4">0</subfield>
   <subfield code="6">621_382500000000000_ΒΟΥ</subfield>
   <subfield code="7">0</subfield>
   <subfield code="8">KALL</subfield>
   <subfield code="8">589</subfield>
   <subfield code="d">2016-04-13</subfield>
   <subfield code="r">2016-04-13</subfield>
   <subfield code="w">2016-04-13</subfield>
   <subfield code="z">621.3825 ΒΟΥ</subfield>
   <subfield code="o">SEAB KALLIPOS</subfield>
  </datafield>
  <datafield tag="998" ind1=" " ind2=" ">
   <subfield code="a">80</subfield>
   <subfield code="a">01</subfield>
   <subfield code="a">02</subfield>
   <subfield code="a">03</subfield>
   <subfield code="a">04</subfield>
   <subfield code="a">05</subfield>
   <subfield code="a">06</subfield>
   <subfield code="a">07</subfield>
   <subfield code="a">08</subfield>
   <subfield code="a">09</subfield>
   <subfield code="a">10</subfield>
   <subfield code="a">11</subfield>
   <subfield code="a">12</subfield>
   <subfield code="a">13</subfield>
   <subfield code="a">14</subfield>
   <subfield code="a">15</subfield>
   <subfield code="a">16</subfield>
   <subfield code="a">17</subfield>
   <subfield code="a">18</subfield>
   <subfield code="a">19</subfield>
   <subfield code="a">20</subfield>
   <subfield code="a">21</subfield>
   <subfield code="a">22</subfield>
   <subfield code="a">23</subfield>
   <subfield code="a">24</subfield>
   <subfield code="a">25</subfield>
   <subfield code="a">26</subfield>
   <subfield code="b">11-05-17</subfield>
   <subfield code="c">m</subfield>
   <subfield code="d">z  </subfield>
   <subfield code="e">-</subfield>
   <subfield code="f">gre</subfield>
   <subfield code="g">gr </subfield>
   <subfield code="h">0</subfield>
  </datafield>
  <datafield tag="942" ind1=" " ind2=" ">
   <subfield code="2">ddc</subfield>
   <subfield code="c">KALLIPOS</subfield>
  </datafield>
 </record>
</collection>
